LEADER 00887nam0-2200253 --450 001 9910889888003321 005 20241014085727.0 100 $a20241014d1924----kmuy0itay5050 ba 101 0 $aita 102 $aIT 105 $aa 001yy 200 1 $aCenni sulla costruzione e la lettura delle carte topografiche e geografiche e sulla esecuzione degli schizzi$fLeonardo Ricci 210 $aMilano [etc.]$cSocietā editrice Dante Alighieri$d1924 215 $a28 p.$cill.$d29 cm 610 0 $aCarte geografiche 610 0 $aCarte topografiche 700 1$aRicci,$bLeonardo$f<1877-1967>$0429832 801 0$aIT$bUNINA$gREICAT$2UNIMARC 901 $aBK 912 $a9910889888003321 952 $a09.741$b385/24$fDARST 959 $aDARST 996 $aCenni sulla costruzione e la lettura delle carte topografiche e geografiche e sulla esecuzione degli schizzi$94262326 997 $aUNINA